The 100 best business books of all time : what they say, why they matter, and how they can help you /

Bibliographic Details
Main Author: Covert, Jack
Other Authors: Sattersten, Todd
Format: Book
Language:English
Published: New York : Portfolio, 2009.
Subjects:

MARC

Tag First Indicator Second Indicator Subfields
LEADER 00000cam a2200000 a 4500
001 in00002482575
005 20151110063138.0
008 080819s2009 nyu b 001 0 eng
010 |a  2008036664 
020 |a 9781591842408 
020 |a 1591842409 
035 |a (OCoLC)ocn233548034 
040 |a DLC  |c DLC  |d UtOrBLW 
043 |a n-us--- 
049 |a TXAM 
050 0 0 |a Z7164.C81  |b C85 2009  |a HF1008 
082 0 0 |a 016.65  |2 22 
090 |a HF1008  |b .C69 2009 
100 1 |a Covert, Jack. 
245 1 4 |a The 100 best business books of all time :  |b what they say, why they matter, and how they can help you /  |c by Jack Covert and Todd Sattersten. 
246 3 0 |a One hundred best business books of all time :  |b what they say, why they matter, and how they can help you 
264 1 |a New York :  |b Portfolio,  |c 2009. 
300 |a ix, 335 pages :  |b illustrations ;  |c 24 cm. 
336 |a text  |b txt  |2 rdacontent 
337 |a unmediated  |b n  |2 rdamedia 
338 |a volume  |b nc  |2 rdacarrier 
504 |a Includes bibliographical references and index. 
650 0 |a Business  |v Bibliography. 
650 0 |a Management  |v Bibliography. 
650 0 |a Businesspeople  |x Books and reading  |z United States. 
650 0 |a Executives  |x Books and reading  |z United States. 
650 0 |a Best books  |z United States. 
700 1 |a Sattersten, Todd. 
945 |a PromptCat  |b 618523 
946 |a west,stk 
947 |a A14837383907 
948 |a cataloged  |b h  |c 2009/2/12  |d c  |e dmitchel  |f 11:04:18 am 
994 |a 92  |b TXA 
999 |a MARS 
999 f f |s 3b8821d7-18e6-37d8-a43a-49d5c8e97828  |i 36b61148-4982-3131-af27-354561b5c43a  |t 0 
952 f f |p 4_hour  |a Texas A&M University  |b College Station  |c Business Library & Collaboration Commons  |d West Campus Library: Reference (Does not check out)  |t 0  |e HF1008 .C69 2009  |h Library of Congress classification  |i unmediated -- volume  |m A14837383907 
998 f f |a HF1008 .C69 2009  |t 0  |l West Campus Library: Reference (Does not check out)